000 00750cam a22002291 4500
001 he 66000452
003 DLC
005 20260227111436.0
008 840711s1965 is j 000 0 heb
010 _ahe 66000452
035 _a(OCoLC)19177716
040 _aDLC
_cMH
_dDLC
042 _apremarc
050 0 0 _aPZ90.H3
_bZ3
245 0 0 _aSipurim la-shikhvah ha-tseʻirah :
_bʻaliyah ṿe-haʻpalah, gevurat yeladim ṿa-noʻar...
260 _aJerusalem :
_bha-Moʻetsah le-ʻinyene tenuʻot ha-noʻar shele-yad Miśrad ha-ḥinukh ṿeha-tarbut,
_c725[1965]
300 _a64 p. :
_bill. ;
_c22 cm.
490 0 _aha-Sifriyah la-madrikh
650 0 _aChildren's stories, Hebrew.
700 1 _aZamran, David,
_eed.
752 _aIsrael
_dJerusalem
999 _c31580
_d31580